000 00272nam a2200109Ia 4500
008 220204s9999 xx 000 0 und d
082 _a66(083)
_bMIN
245 0 _aPractical formulary
260 _aNew York
_bVan Nostrand
_c1957
700 _aMinrath, William R
942 _cBK
999 _c20397
_d20397